• 首页
  • 本馆介绍
  • 公告通知
  • 最新文献
  • 馆藏检索
  • 电子资源
  • 读者导购
  • 参考咨询
  • 我的图书馆
  • 登录
  • 详细信息显示
  • 放入我的书架
  • 预约/预借图书
  • 作者相关作品
  • 分类相关作品
  • 丛书相关作品
  • 出版社相关作品

书目信息

  • 表格格式
  • 工作单格式
  • 卡片格式
题名:
姚明:传奇永不终结
    
 
作者: 宁辛 著
分册:  
出版信息: 北京   中国广播电视出版社  2003
页数: 189页
开本: 21cm
丛书名:
单 册:
中图分类: K825.47=76 , K825.47
科图分类:
主题词:
电子资源:
ISBN: 7-5043-4136-3
000 00954nam0 2200265 450
001 1547334450
005 20150123130921.35
010    @a7-5043-4136-3@dCNY28.00
100    @a20040117d2003 em y0chiy50 ea
101 0  @achi
102    @aCN@b110000
105    @aa z 000yd
200 1  @a姚明:传奇永不终结@9yao ming : chuan qi yong bu zhong jie@eCCTV记者赴美采访姚明实录@f宁辛著
210    @a北京@c中国广播电视出版社@d2003
215    @a189页@c照片@d21cm@e光盘1片
307    @a附光盘: ISBN 7-88719-074-6
330    @a本书介绍了姚明的生活及其发展轨迹。具体章节包括:“为篮球而生”、“阳光女孩”与“巧克力男孩”、“在广告中调剂人生”等。
517 1  @aCCTV记者赴美采访姚明实录@9CCTV ji zhe fu mei cai fang yao ming shi lu
600  0 @a姚明@f(1980~)@x生平事迹
600  0 @a姚明@f(1980~)
690    @aK825.47=76@v5
690    @aK825.47@v4
701  0 @a宁辛@9ning xin@c(女)@4著
801  0 @aCN@bTSSF@c20150123
905    @aZUCC@dK825.47@eJY144
    
    姚明:传奇永不终结:CCTV记者赴美采访姚明实录/宁辛著.-北京:中国广播电视出版社,2003
    189页:照片;21cm+光盘1片
    
    
    ISBN 7-5043-4136-3:CNY28.00
    本书介绍了姚明的生活及其发展轨迹。具体章节包括:“为篮球而生”、“阳光女孩”与“巧克力男孩”、“在广告中调剂人生”等。
●
相关链接 在E读中查询图书 在五车中查询图书 在当当中查询图书 在豆瓣中查询图书


正题名:姚明:传奇永不终结     索取号:K825.47/JY144         预约/预借

序号 登录号 条形码 馆藏地/架位号 状态 备注
1 7840407   278404077   学院路分馆/ [索取号:K825.47/JY144] 在馆    
唐山师范学院图书馆 欢迎您!
大连网信软件有限公司© 版权所有